000 00458nmm a2200169Ia 4500
008 251105s9999||||xx |||||||||||||||||und||
020 _a9788416252206
041 _aspa
100 _aWong, Roberto
245 0 _aParís D. F.
264 _a[Madrid, España] :
_bGalaxia Gutenberg,
_c2015
300 _a200 páginas
490 _aNarrativa
650 _aLatin American narrative
856 _uhttps://public.digitaliapublishing.com/a/37426
942 _cCF
999 _c77434
_d77434